00818nam a2200217Ia 4500003000900000008004100009040001600050080002400066245012900090260003300219300001300252650003300265650004100298650003100339650002300370700002700393700003000420942000700450999001500457952012800472IN-BaIIA211028s9999 xx 000 0 eng d cIIA Library a047.1:533.33bDEV-5 0aDevelopments in applied spectroscopybvol. 5cedited by L. R. Pearson and Crove E. L.  aNew YorkbPLenum Pressc1966 ax, 408p. aAbsoption spectroscopy95320 aAstronomy and astrophysics Thesaurus aOptical spectroscopy95321 aSpectroscopy91535 aCrove E. L., ed.95322 aPearson, L. R., ed.95323 cBK c2992d2992 00104070aBANbBANcGENd1967-11-21g137.38l0o047.1:533.33/ DEV-5p3323r2021-11-05v137.38w1967-11-21yBKGRs. 137.38